| 000 | 00970nam a2200253Ia 4500 | ||
|---|---|---|---|
| 003 | OSt | ||
| 005 | 20220923224526.0 | ||
| 006 | a|||||r|||| 00| 0 | ||
| 007 | ta | ||
| 008 | 220922b |||||||| |||| 00| 0 hin d | ||
| 020 | _c900 | ||
| 024 | _a238,930 | ||
| 037 |
_b587, 23/03/2009, Vani Prakashan _cTextual |
||
| 040 |
_aARTS _cARTS _bhin |
||
| 041 |
_2hin _ahin |
||
| 082 | _aV28243.K, 152P3.1-.2 | ||
| 100 |
_aराणावत, मनोहर सिंह, संपा. _9164275 |
||
| 245 | 0 | _aचित्तौड़ - उदयपुर का पाटनामा | |
| 246 | _aChittauड़ - udayapur kā pāṭanāmā | ||
| 260 |
_aमालवा _b श्रीनटनागर शोध संस्थान _c2003 |
||
| 300 |
_a402पृ. _ccm. |
||
| 942 |
_hV28243.K, 152P3.1-.2 _cTEXL _2CC |
||
| 999 |
_c371981 _d371981 |
||